| 000 | 00652nam a2200277Ia 4500 | ||
|---|---|---|---|
| 005 | 20260324142518.0 | ||
| 008 | 008 260324s9999 xx 000 0 eng d | ||
| 020 | _a9780203767979 | ||
| 037 | _aEBOOK | ||
| 040 | _aCRL | ||
| 040 | _beng | ||
| 040 | _cCRL | ||
| 041 | _2eng | ||
| 041 | _aeng | ||
| 084 | _qCRL | ||
| 100 |
_aVincent J. Adesso _91212211 |
||
| 245 | 0 | _aPsychological Perspectives On Women's Health | |
| 260 | _bTaylor and Francis | ||
| 260 | _c1994 | ||
| 365 | _a | ||
| 365 | _b86.99 | ||
| 856 | _uhttp://www.taylorfrancis.com/books/9780203767979 | ||
| 942 | _cEBOOK | ||
| 999 |
_c1816500 _d1816500 |
||